[Event "Dortmund op-A"]
[Site "Dortmund"]
[Date "2005.07.17"]
[Round "9"]
[White "Klug, Alexander"]
[Black "Meyer, Bettina"]
[Result "1-0"]
[WhiteElo "1837"]
[BlackElo "1800"]
[PlyCount "67"]
[EventDate "2005.07.08"]
[EventType "swiss"]
[EventRounds "9"]
[EventCountry "GER"]
[SourceTitle "CBM 107 Extra"]
[Source "ChessBase"]
[SourceDate "2005.09.01"]
[SourceVersion "1"]
[SourceVersionDate "2005.09.01"]
[SourceQuality "1"]

1. e4 e6 2. d4 d5 3. exd5 exd5 4. Bd3 c5 5. dxc5 Bxc5 6. Nf3 Nf6 7. 0-0 Nc6 8. Re1+ Be6 9. Bf5 0-0 10. Bxe6 fxe6 11. Bg5 Bxf2+ 12. Kxf2 Qb6+ 13. Ke2 Ne4 14. Be3 Qxb2 15. Bd4 Nxd4+ 16. Qxd4 Qxd4 17. Nxd4 Rac8 18. Rf1 Rxf1 19. Kxf1 e5 20. Nf3 Rxc2 21. Na3 Rb2 22. Nxe5 g6 23. Nf3 a6 24. Nd4 Nc3 25. Rc1 Nxa2 26. Rc2 Rb4 27. Ne2 d4 28. Rxa2 d3 29. Nc1 Rd4 30. Rd2 b5 31. Rxd3 Rxd3 32. Nxd3 Kf7 33. Ke2 Ke7 34. Nb4 1-0

[Event "Dortmund op-A"]
[Site "Dortmund"]
[Date "2005.07.16"]
[Round "8"]
[White "Salamone, Giuseppe"]
[Black "Klug, Alexander"]
[Result "1-0"]
[WhiteElo "2052"]
[BlackElo "1837"]
[PlyCount "73"]
[EventDate "2005.07.08"]
[EventType "swiss"]
[EventRounds "9"]
[EventCountry "GER"]
[SourceTitle "CBM 107 Extra"]
[Source "ChessBase"]
[SourceDate "2005.09.01"]
[SourceVersion "1"]
[SourceVersionDate "2005.09.01"]
[SourceQuality "1"]

1. d4 Nf6 2. Nc3 d5 3. Bg5 e6 4. e4 dxe4 5. Nxe4 Be7 6. Bxf6 Bxf6 7. Nf3 Nd7 8. c3 0-0 9. Qc2 b6 10. 0-0-0 Bb7 11. Bd3 e5 12. Nxf6+ Qxf6 13. Bxh7+ Kh8 14. Bf5 Rad8 15. Kb1 Bxf3 16. gxf3 exd4 17. cxd4 Rfe8 18. Rhg1 Nf8 19. d5 Re5 20. Be4 Qd6 21. f4 Rh5 22. Qc3 f6 23. Qg3 Qe7 24. Bf3 Rh7 25. Rde1 Qf7 26. f5 Rd6 27. Rc1 Qd7 28. Be4 Qe7 29. f3 Rh5 30. Rc3 Nh7 31. h4 Nf8 32. Rgc1 Qe5 33. Qg4 Rh6 34. Rxc7 Rd7 35. Rxd7 Nxd7 36. Qg2 Rxh4 37. Rc8+ 1-0

[Event "Dortmund op-B"]
[Site "Dortmund"]
[Date "2004.07.31"]
[Round "9"]
[White "Klug, Alexander"]
[Black "Wiedemann, Jan"]
[Result "1-0"]
[WhiteElo "1642"]
[BlackElo "1572"]
[PlyCount "53"]
[EventDate "2004.07.??"]
[EventType "swiss"]
[EventRounds "9"]
[EventCountry "GER"]
[SourceTitle "EXT 2006"]
[Source "ChessBase"]
[SourceDate "2005.11.24"]
[SourceVersion "1"]
[SourceVersionDate "2005.11.24"]
[SourceQuality "1"]

1. e4 e5 2. Nf3 Nc6 3. d4 exd4 4. Bc4 Nf6 5. 0-0 d6 6. Nxd4 Nxd4 7. Qxd4 Be7 8. Nc3 h6 9. Re1 0-0 10. Bf4 Bd7 11. Rad1 Bc6 12. Qe3 Nh5 13. e5 Nxf4 14. Qxf4 Qc8 15. e6 Bf6 16. Nd5 Bxd5 17. Bxd5 Qd8 18. exf7+ Rxf7 19. Qc4 Qd7 20. Re2 Kf8 21. Bxf7 Qxf7 22. Qb5 Rb8 23. c4 a6 24. Qb4 Be5 25. Rxe5 c5 26. Qd2 dxe5 27. Qd6+ 1-0

[Event "Dortmund op-B"]
[Site "Dortmund"]
[Date "2004.07.27"]
[Round "5"]
[White "Klug, Alexander"]
[Black "Jahnke, Bernd"]
[Result "0-1"]
[WhiteElo "1642"]
[BlackElo "1801"]
[PlyCount "110"]
[EventDate "2004.07.??"]
[EventType "swiss"]
[EventRounds "9"]
[EventCountry "GER"]
[SourceTitle "EXT 2006"]
[Source "ChessBase"]
[SourceDate "2005.11.24"]
[SourceVersion "1"]
[SourceVersionDate "2005.11.24"]
[SourceQuality "1"]

1. e4 Nh6 2. d4 g6 3. Nc3 Bg7 4. Be3 Nc6 5. d5 Ne5 6. f4 Neg4 7. Bd4 Bxd4 8. Qxd4 0-0 9. h3 e5 10. fxe5 Qh4+ 11. Ke2 c5 12. Qxc5 b6 13. Qd4 Ba6+ 14. Kd2 Qg5+ 15. Ke1 Ne3 16. Nf3 Qg3+ 17. Kd2 Qf2+ 18. Be2 Nc4+ 19. Kc1 Qxg2 20. Qg1 Qxg1+ 21. Rxg1 Rac8 22. b3 Na5 23. Bxa6 Rxc3 24. Nd2 Rb8 25. Bd3 Rc7 26. Kb2 b5 27. a3 Nc4+ 28. Nxc4 bxc4 29. Be2 c3+ 30. Ka2 a5 31. Rad1 Re8 32. e6 dxe6 33. d6 Rc5 34. b4 axb4 35. axb4 Re5 36. d7 Rd8 37. Rg3 Rxe4 38. Rxc3 Kf8 39. Rc8 Ke7 40. Rxd8 Kxd8 41. Bb5 Nf5 42. c3 Ne3 43. Rd3 Nd5 44. Kb3 Re3 45. Rxe3 Nxe3 46. c4 g5 47. c5 h5 48. Ka4 g4 49. hxg4 hxg4 50. Ka5 g3 51. Bc6 Nd5 52. Bxd5 exd5 53. c6 g2 54. Kb6 g1Q+ 55. Kb7 Qg3 0-1

[Event "Dortmund op-B"]
[Site "Dortmund"]
[Date "2004.07.25"]
[Round "3"]
[White "Klug, Alexander"]
[Black "Daebel, Hasso"]
[Result "1-0"]
[WhiteElo "1642"]
[BlackElo "1457"]
[PlyCount "97"]
[EventDate "2004.07.??"]
[EventType "swiss"]
[EventRounds "9"]
[EventCountry "GER"]
[SourceTitle "EXT 2006"]
[Source "ChessBase"]
[SourceDate "2005.11.24"]
[SourceVersion "1"]
[SourceVersionDate "2005.11.24"]
[SourceQuality "1"]

1. e4 c5 2. c3 Nc6 3. Nf3 e5 4. d4 cxd4 5. cxd4 Bb4+ 6. Bd2 Qa5 7. d5 Bxd2+ 8. Nbxd2 Nce7 9. Nxe5 Nf6 10. Nec4 Qd8 11. Nd6+ Kf8 12. Bd3 Ne8 13. Nxe8 Qxe8 14. 0-0 Ng6 15. Rc1 Ne5 16. Bb1 d6 17. Nc4 Qe7 18. Qb3 b6 19. Qb4 Nxc4 20. Rxc4 Ba6 21. Rc6 Bxf1 22. Kxf1 Rd8 23. Bd3 g6 24. Qc3 f6 25. Rc7 Qe5 26. Qxe5 dxe5 27. Rxa7 Rd6 28. Bb5 h5 29. Rb7 Rg8 30. Bc6 Rg7 31. Rb8+ Ke7 32. Rxb6 f5 33. Rb7+ Kf6 34. Rxg7 Kxg7 35. a4 Rd8 36. a5 Rb8 37. a6 Rxb2 38. a7 Rb1+ 39. Ke2 Ra1 40. a8Q Rxa8 41. Bxa8 Kf7 42. f4 exf4 43. exf5 g5 44. d6 Kf6 45. d7 Ke7 46. Bc6 h4 47. f6+ Kd8 48. f7 Ke7 49. f8Q+ 1-0

[Event "GER-chT U16"]
[Site "Greifswald"]
[Date "2003.12.29"]
[Round "6.3"]
[White "Klug, Alexander"]
[Black "Loew, Frederic"]
[Result "1-0"]
[WhiteElo "1704"]
[BlackElo "1456"]
[PlyCount "67"]
[EventDate "2003.12.27"]
[EventType "team-swiss"]
[EventRounds "7"]
[EventCountry "GER"]
[SourceTitle "EXT 2022"]
[Source "ChessBase"]
[SourceDate "2021.10.06"]
[SourceVersion "1"]
[SourceVersionDate "2021.10.06"]
[SourceQuality "1"]
[WhiteTeam "Brackel SF U16"]
[BlackTeam "Saarlouis Rochade U16"]
[WhiteTeamCountry "GER"]
[BlackTeamCountry "GER"]

1. e4 c5 2. c3 d6 3. d4 cxd4 4. cxd4 Nc6 5. Nf3 Bg4 6. Be2 Nf6 7. Nc3 g6 8. h3 Bxf3 9. Bxf3 Bg7 10. 0-0 0-0 11. Re1 Nd7 12. Be3 Nb6 13. Be2 e6 14. d5 exd5 15. Nxd5 Nxd5 16. Qxd5 Qe7 17. Rab1 Rfe8 18. Bf3 Ne5 19. Be2 Nc6 20. Bc4 Nb4 21. Qd2 Nc6 22. Bd5 Rab8 23. b3 a6 24. Rbc1 Rbc8 25. Red1 Red8 26. Rc2 Nb8 27. Rdc1 Rxc2 28. Rxc2 Qd7 29. Qc1 b5 30. Rc7 Qe8 31. Bxf7+ Qxf7 32. Rxf7 Kxf7 33. Qc7+ Ke8 34. Qxg7 1-0

[Event "GER-chT U16"]
[Site "Greifswald"]
[Date "2003.12.28"]
[Round "4.3"]
[White "Klug, Alexander"]
[Black "Jaenig, Philipp"]
[Result "1/2-1/2"]
[WhiteElo "1704"]
[BlackElo "1494"]
[PlyCount "88"]
[EventDate "2003.12.27"]
[EventType "team-swiss"]
[EventRounds "7"]
[EventCountry "GER"]
[SourceTitle "EXT 2022"]
[Source "ChessBase"]
[SourceDate "2021.10.06"]
[SourceVersion "1"]
[SourceVersionDate "2021.10.06"]
[SourceQuality "1"]
[WhiteTeam "Brackel SF U16"]
[BlackTeam "Leipzig Turm U16"]
[WhiteTeamCountry "GER"]
[BlackTeamCountry "GER"]

1. e4 c5 2. c3 d5 3. exd5 Qxd5 4. d4 cxd4 5. Nf3 Nc6 6. Nxd4 Nxd4 7. cxd4 Nf6 8. Nc3 Qa5 9. Bc4 g6 10. Qb3 e6 11. 0-0 a6 12. Bd2 Bg7 13. Rad1 0-0 14. Rfe1 Qc7 15. a4 Rd8 16. d5 exd5 17. Nxd5 Nxd5 18. Bxd5 Bf5 19. Bc3 Bxc3 20. bxc3 Rab8 21. Qb4 Rd7 22. g4 Rbd8 23. gxf5 Rxd5 24. Rxd5 Rxd5 25. f6 Qd7 26. Qf4 h5 27. Kg2 Qc6 28. f3 Rf5 29. Qe4 Qxe4 30. Rxe4 Rxf6 31. Re7 Rb6 32. Kf2 Kg7 33. Rc7 Kf6 34. a5 Rb5 35. c4 Rb3 36. c5 Rb5 37. c6 bxc6 38. Rxc6+ Ke5 39. Rxa6 f6 40. Ke3 g5 41. Ra8 Rb3+ 42. Kf2 Kf4 43. a6 Rxf3+ 44. Kg2 Ra3 1/2-1/2

[Event "GER-chT U16"]
[Site "Greifswald"]
[Date "2003.12.28"]
[Round "3.3"]
[White "Witte, Stefan"]
[Black "Klug, Alexander"]
[Result "1/2-1/2"]
[WhiteElo "1470"]
[BlackElo "1704"]
[PlyCount "102"]
[EventDate "2003.12.27"]
[EventType "team-swiss"]
[EventRounds "7"]
[EventCountry "GER"]
[SourceTitle "EXT 2022"]
[Source "ChessBase"]
[SourceDate "2021.10.06"]
[SourceVersion "1"]
[SourceVersionDate "2021.10.06"]
[SourceQuality "1"]
[WhiteTeam "Heilbronn U16"]
[BlackTeam "Brackel SF U16"]
[WhiteTeamCountry "GER"]
[BlackTeamCountry "GER"]

1. e4 e6 2. d4 d5 3. exd5 exd5 4. c3 Bd6 5. Bd3 Nf6 6. Bg5 0-0 7. Qc2 h6 8. Bh4 c6 9. Nd2 Be6 10. f3 Nbd7 11. g4 c5 12. Bf2 c4 13. Be2 Nh7 14. h4 g6 15. h5 g5 16. Nh3 Qc7 17. 0-0-0 b5 18. Be3 Ndf6 19. Rdf1 Rfe8 20. Bd1 Bxg4 21. Bxg5 Bxh3 22. Bxh6 Bxf1 23. Rg1+ Kh8 24. Bg7+ Kg8 25. Bxf6+ Bg3 26. Nxf1 Nxf6 27. Rxg3+ Kh8 28. Qf5 Qe7 29. f4 Rg8 30. Re3 Qd6 31. Bc2 Rg4 32. Rf3 Re8 33. Ne3 Rg1+ 34. Kd2 Re6 35. Qh3 Rg8 36. Bf5 Ree8 37. a3 a5 38. Bg6 Rxe3 39. Rxe3 fxg6 40. hxg6+ Kg7 41. Qf5 Rh8 42. Re6 Qd8 43. Ra6 Re8 44. Ra7+ Re7 45. Ra6 Qf8 46. Qh3 Ne4+ 47. Kc2 Ng5 48. fxg5 Re2+ 49. Kb1 Rxb2+ 50. Kxb2 Qf2+ 51. Kb1 Qe1+ 1/2-1/2

[Event "Dortmund op-B"]
[Site "Dortmund"]
[Date "2003.08.08"]
[Round "7"]
[White "Volkov, Mykyta"]
[Black "Klug, Alexander"]
[Result "0-1"]
[WhiteElo "1852"]
[BlackElo "1641"]
[PlyCount "77"]
[EventDate "2003.08.01"]
[EventType "swiss"]
[EventRounds "9"]
[EventCountry "GER"]
[SourceTitle "CBM 095 Extra"]
[Source "ChessBase"]
[SourceDate "2003.09.04"]
[SourceVersion "1"]
[SourceVersionDate "2003.09.04"]
[SourceQuality "1"]

1. d4 Nf6 2. c4 e5 3. dxe5 Ng4 4. Bf4 Nc6 5. Nf3 Bb4+ 6. Nc3 Bxc3+ 7. bxc3 Qe7 8. Qd5 f6 9. exf6 Nxf6 10. Qd2 d6 11. e3 0-0 12. Bd3 Be6 13. 0-0 Na5 14. Qe2 h6 15. Nd4 Bd7 16. Nb5 Be6 17. c5 Ne8 18. cxd6 cxd6 19. Qh5 Bf7 20. Qf5 g6 21. Qh3 a6 22. Nd4 h5 23. Qg3 Kh7 24. Bg5 Qc7 25. Qf3 Ng7 26. Bf6 Bc4 27. Bxc4 Nxc4 28. Rad1 Rf7 29. g4 Ne5 30. Qh3 Rxf6 31. gxh5 gxh5 32. f4 Ng4 33. e4 Raf8 34. f5 Re8 35. Nf3 Qc5+ 36. Rd4 Kg8 37. Nd2 Rc8 38. Qh4 Qxc3 39. Qxf6 0-1

[Event "Dortmund op-B"]
[Site "Dortmund"]
[Date "2003.08.07"]
[Round "6"]
[White "Klug, Alexander"]
[Black "Hobusch, Alexander"]
[Result "1/2-1/2"]
[WhiteElo "1641"]
[BlackElo "1824"]
[PlyCount "120"]
[EventDate "2003.08.01"]
[EventType "swiss"]
[EventRounds "9"]
[EventCountry "GER"]
[SourceTitle "CBM 095 Extra"]
[Source "ChessBase"]
[SourceDate "2003.09.04"]
[SourceVersion "1"]
[SourceVersionDate "2003.09.04"]
[SourceQuality "1"]

1. e4 e6 2. d4 d5 3. exd5 exd5 4. Bd3 c5 5. dxc5 Bxc5 6. Nf3 Nf6 7. 0-0 0-0 8. c3 Nc6 9. Nbd2 a5 10. Nb3 Bb6 11. a4 Bg4 12. Bg5 Ne5 13. Be2 Ng6 14. Qc2 h6 15. Bxf6 Qxf6 16. Nfd4 Bxe2 17. Qxe2 Rfe8 18. Qf3 Qxf3 19. Nxf3 Re2 20. Rab1 Rae8 21. Nbd4 R2e4 22. Nf5 Rxa4 23. Nd6 Rd8 24. Nf5 Re4 25. Rfe1 Re6 26. Rbd1 Kf8 27. N5d4 Rxe1+ 28. Rxe1 Bxd4 29. Nxd4 Ne7 30. Kf1 g6 31. Rd1 Nc6 32. Nc2 Rd7 33. Ne3 d4 34. Nc2 d3 35. Ne1 Ne5 36. f4 Ng4 37. Kg1 Ne3 38. Rxd3 Rxd3 39. Nxd3 Ke7 40. Kf2 Ng4+ 41. Kg3 Nf6 42. Kf3 Kd6 43. Ne5 Ke6 44. Nc4 a4 45. Nb6 a3 46. bxa3 Kd6 47. Nc4+ Ke6 48. Ne5 Nd5 49. c4 Nb6 50. c5 Nd5 51. c6 b6 52. Ke4 f5+ 53. Kf3 g5 54. g3 g4+ 55. Ke2 h5 56. Kd3 Kd6 57. Kd4 Ne7 58. Kc4 Nxc6 59. Nxc6 Kxc6 60. a4 Kd6 1/2-1/2

[Event "Dortmund op-B"]
[Site "Dortmund"]
[Date "2003.08.06"]
[Round "5"]
[White "Mohr, Fides"]
[Black "Klug, Alexander"]
[Result "0-1"]
[WhiteElo "1280"]
[BlackElo "1641"]
[PlyCount "64"]
[EventDate "2003.08.01"]
[EventType "swiss"]
[EventRounds "9"]
[EventCountry "GER"]
[SourceTitle "CBM 095 Extra"]
[Source "ChessBase"]
[SourceDate "2003.09.04"]
[SourceVersion "1"]
[SourceVersionDate "2003.09.04"]
[SourceQuality "1"]

1. d4 Nf6 2. c4 e5 3. d5 Bc5 4. Nc3 0-0 5. Nf3 d6 6. Bg5 Nbd7 7. e3 c6 8. Bd3 Qb6 9. b3 Bb4 10. Qc2 e4 11. Be2 exf3 12. Bxf3 cxd5 13. cxd5 Qa5 14. Rc1 Nxd5 15. Bxd5 Qxd5 16. f4 Qc5 17. Ke2 h6 18. Be7 Re8 19. Bh4 Qh5+ 20. Kf1 Qxh4 21. g3 Qe7 22. Nd5 Qe4 23. Nc7 Qxh1+ 24. Ke2 Qxh2+ 25. Kd3 Nc5+ 26. Kc4 Qxc2+ 27. Rxc2 Re4+ 28. Kd5 Be6+ 29. Nxe6 Rxe6 30. f5 Rxe3 31. Kxd6 Na6+ 32. Kd7 Rd3# 0-1

[Event "NRW-ch U16"]
[Site "Kranenburg"]
[Date "2003.04.22"]
[Round "2"]
[White "Petz, Stephan"]
[Black "Klug, Alexander"]
[Result "1-0"]
[WhiteElo "1786"]
[BlackElo "1527"]
[PlyCount "55"]
[EventDate "2003.04.??"]
[EventType "swiss"]
[EventRounds "7"]
[EventCountry "GER"]
[SourceTitle "EXT 2005"]
[Source "ChessBase"]
[SourceDate "2004.11.15"]
[SourceVersion "1"]
[SourceVersionDate "2004.11.15"]
[SourceQuality "1"]

1. e4 e6 2. d4 d5 3. exd5 exd5 4. c4 Nf6 5. Nf3 Be7 6. Bd3 0-0 7. 0-0 Nbd7 8. Nc3 dxc4 9. Bxc4 Nb6 10. Bb3 Nbd5 11. Bg5 Be6 12. Bc2 c6 13. a3 Qc7 14. Qd3 g6 15. Qd2 Rfe8 16. Ne5 Rad8 17. f4 Nd7 18. f5 Nxc3 19. Bxe7 Rxe7 20. Nxd7 Rexd7 21. fxe6 fxe6 22. bxc3 c5 23. Qe3 Re7 24. dxc5 Rc8 25. Rae1 e5 26. Qf3 Qxc5+ 27. Kh1 Qxc3 28. Bb3+ 1-0

[Event "Ruhrgebiet-ch U16"]
[Site "Muelheim"]
[Date "2003.04.15"]
[Round "5"]
[White "Reininghaus, Dennis"]
[Black "Klug, Alexander"]
[Result "1/2-1/2"]
[WhiteElo "1382"]
[BlackElo "1516"]
[PlyCount "45"]
[EventDate "2003.04.??"]
[EventType "swiss"]
[EventRounds "7"]
[EventCountry "GER"]
[SourceTitle "EXT 2005"]
[Source "ChessBase"]
[SourceDate "2004.11.15"]
[SourceVersion "1"]
[SourceVersionDate "2004.11.15"]
[SourceQuality "1"]

1. e4 e6 2. d4 d5 3. exd5 exd5 4. Nf3 Nf6 5. Bd3 Bd6 6. 0-0 0-0 7. Bg5 Bg4 8. Nbd2 Nbd7 9. Re1 c6 10. c3 Qc7 11. h3 Bh5 12. Qc2 Rfe8 13. Nh4 b6 14. Nf5 Bg6 15. Nxd6 Rxe1+ 16. Rxe1 Bxd3 17. Qxd3 Qxd6 18. Bh4 c5 19. Bg3 Qc6 20. b3 Nf8 21. c4 Ne6 22. dxc5 Nxc5 23. Qf3 1/2-1/2

[Event "Ruhrgebiet-ch U16"]
[Site "Muelheim"]
[Date "2003.04.13"]
[Round "3"]
[White "Butschek, Tanja"]
[Black "Klug, Alexander"]
[Result "1/2-1/2"]
[WhiteElo "1713"]
[BlackElo "1516"]
[PlyCount "105"]
[EventDate "2003.04.??"]
[EventType "swiss"]
[EventRounds "7"]
[EventCountry "GER"]
[SourceTitle "EXT 2005"]
[Source "ChessBase"]
[SourceDate "2004.11.15"]
[SourceVersion "1"]
[SourceVersionDate "2004.11.15"]
[SourceQuality "1"]

1. e4 e6 2. d4 d5 3. exd5 exd5 4. Nf3 Nf6 5. Bd3 Bd6 6. Bg5 0-0 7. 0-0 Bg4 8. Nbd2 Nbd7 9. c3 c6 10. Qc2 Qc7 11. h3 Bh5 12. Rfe1 Rfe8 13. a4 Bg6 14. b4 Bxd3 15. Qxd3 h6 16. Be3 Ne4 17. Nb3 Rac8 18. Nfd2 b6 19. a5 c5 20. dxc5 bxc5 21. Nxe4 dxe4 22. Qb5 Rb8 23. Qa6 cxb4 24. Qxa7 bxc3 25. Qxc7 Bxc7 26. Nc5 Nxc5 27. Bxc5 Rb5 28. Bb6 Bxb6 29. axb6 Rxb6 30. Rac1 Rc6 31. Re3 c2 32. Re2 f5 33. Rexc2 Rxc2 34. Rxc2 Kf7 35. Kf1 Kf6 36. Ke2 f4 37. Rc5 g5 38. Rc6+ Re6 39. Rc5 e3 40. Rc3 exf2+ 41. Kxf2 Kg6 42. Kf3 Kh5 43. Rb3 Kh4 44. Kf2 h5 45. Rb4 Rf6 46. Rb8 g4 47. hxg4 hxg4 48. Rh8+ Kg5 49. Rg8+ Kf5 50. Re8 Re6 51. Rf8+ Ke4 52. g3 fxg3+ 53. Kxg3 1/2-1/2

[Event "GER-chT U20"]
[Site "Hamburg"]
[Date "2001.12.27"]
[Round "2.5"]
[White "Klug, Alexander"]
[Black "Moyles Johnson, Yannick"]
[Result "0-1"]
[WhiteElo "1544"]
[BlackElo "1494"]
[PlyCount "84"]
[EventDate "2001.12.26"]
[EventType "team"]
[EventRounds "7"]
[EventCountry "GER"]
[SourceTitle "EXT 2003"]
[Source "ChessBase"]
[SourceDate "2002.11.25"]
[SourceVersion "1"]
[SourceVersionDate "2002.11.25"]
[SourceQuality "1"]

1. e4 c5 2. c3 d6 3. d4 cxd4 4. cxd4 Nf6 5. Nc3 e6 6. Nf3 Nc6 7. Be2 d5 8. exd5 exd5 9. Qb3 a6 10. Bg5 Na5 11. Qc2 Be6 12. 0-0 Bd6 13. Bd3 h6 14. Bxf6 Qxf6 15. Qa4+ Nc6 16. Rfe1 0-0 17. Rad1 Kh8 18. Bb1 Rad8 19. Kh1 Bc7 20. Qb3 Na5 21. Qc2 g6 22. Ne5 Nc6 23. Nxc6 bxc6 24. Kg1 Qh4 25. g3 Qh3 26. Qa4 Bg4 27. Rd3 Rfe8 28. Rc1 Re7 29. Qc2 Bf5 30. Qd2 Rde8 31. Rf3 Ba5 32. Bxf5 gxf5 33. Re3 Rxe3 34. fxe3 Qg4 35. Kf2 Qh5 36. Kg2 f4 37. gxf4 Rg8+ 38. Kf1 Qf3+ 39. Qf2 Qh1+ 40. Ke2 Qxc1 41. Kd3 Bxc3 42. bxc3 Rg1 0-1

[Event "GER-chT U20"]
[Site "Hamburg"]
[Date "2001.12.27"]
[Round "3.5"]
[White "Schmutterer, Stefan"]
[Black "Klug, Alexander"]
[Result "0-1"]
[WhiteElo "1615"]
[BlackElo "1544"]
[PlyCount "76"]
[EventDate "2001.12.26"]
[EventType "team"]
[EventRounds "7"]
[EventCountry "GER"]
[SourceTitle "EXT 2003"]
[Source "ChessBase"]
[SourceDate "2002.11.25"]
[SourceVersion "1"]
[SourceVersionDate "2002.11.25"]
[SourceQuality "1"]

1. c4 e5 2. Nc3 d6 3. g3 Nf6 4. Bg2 g6 5. e3 Bg7 6. Nge2 0-0 7. 0-0 c6 8. d4 exd4 9. Nxd4 Re8 10. b3 Nbd7 11. Nde2 Qc7 12. Ba3 Nc5 13. b4 Nce4 14. Rc1 Bd7 15. Bb2 Nxc3 16. Nxc3 Rad8 17. Rc2 Be6 18. Qe2 d5 19. cxd5 Nxd5 20. Nxd5 Bxd5 21. Bxg7 Kxg7 22. b5 Bxg2 23. Kxg2 c5 24. Rfc1 b6 25. Qf3 Re6 26. e4 Qb7 27. Qc3+ Kg8 28. f3 Red6 29. Re1 Rd3 30. Qb2 Qd7 31. Ree2 Qd4 32. Qc1 Rd1 33. Qf4 Rg1+ 34. Kh3 Qd7+ 35. Kh4 Qxb5 36. Rcd2 Rd1 37. Rf2 c4 38. g4 g5+ 0-1